100 Largest Cities in Europe in 1854 - Statistics

General Stats
  • This quiz has been taken 48 times
  • The average score is 58 of 100
Answer Stats
Answer Country Population % Correct
London England 2,363,141
100%
Moscow Russia 350,000
100%
Paris France 1,053,262
100%
Vienna Austria 477,846
98%
Berlin Prussia 441,931
95%
Constantinople Ottoman Empire 786,990
95%
Dublin Ireland 254,850
95%
Madrid Spain 260,000
95%
St. Petersburg Russia 478,437
95%
Amsterdam Netherlands 228,800
93%
Glasgow Scotland 367,800
93%
Lisbon Portugal 241,500
93%
Rome Papal States 172,382
93%
Barcelona Spain 120,000
91%
Liverpool England 384,263
91%
Manchester England 296,000
91%
Birmingham England 240,000
89%
Naples Kingdom of the Two Sicilies 416,675
89%
Edinburgh Scotland 200,000
86%
Palermo Kingdom of the Two Sicilies 180,000
86%
Brussels Belgium 136,208
84%
Munich Bavaria 112,410
84%
Lyon France 249,325
82%
Milan Lombardy-Venetia (Austria) 151,438
80%
Belfast Ireland 99,660
77%
Florence Grand Duchy of Tuscany 102,154
77%
Rotterdam Netherlands 90,000
77%
Seville Spain 85,000
77%
Turin Sardinia 135,000
77%
Venice Lombardy-Venetia (Austria) 126,768
77%
Copenhagen Denmark 133,140
75%
Porto Portugal 80,000
75%
Cork Ireland 86,000
73%
Leeds England 152,000
73%
Valencia Spain 71,000
73%
Antwerp Belgium 89,000
70%
Bordeaux France 120,000
70%
Hamburg City-State (German Confederation) 148,754
70%
Stockholm Sweden 90,823
70%
Toulouse France 72,000
70%
Budapest Austria 125,000
68%
Lille France 68,000
68%
Frankfurt am Main City-State (German Confederation) 58,000
66%
Kiev Russia 54,000
59%
Strasbourg France 52,000
59%
Bristol England 115,000
57%
Genoa Sardinia 120,000
57%
Newcastle upon Tyne England 89,000
57%
Prague Austria 124,181
57%
Graz Austria 50,000
55%
Aberdeen Scotland 72,000
52%
Cologne Prussia 92,244
52%
Ghent Belgium 106,776
52%
Nantes France 83,000
52%
Sophia Ottoman Empire 50,000
52%
Warsaw Russia 162,597
52%
Bologna Papal States 75,000
50%
Dresden Saxony 91,277
50%
Málaga Spain 66,000
50%
The Hague Netherlands 66,000
50%
Catania Kingdom of the Two Sicilies 54,000
48%
Cracow Austria 45,000
48%
Leipzig Saxony 65,000
48%
Marseille France 195,257
48%
Bucharest Ottoman Empire 61,000
45%
Leicester England 66,000
45%
Sheffield England 104,000
45%
Liege Belgium 78,000
43%
Stuttgart Württemberg 55,000
43%
Danzig Prussia 58,000
41%
Riga Russia 71,000
41%
Dundee Scotland 79,000
39%
Nuremberg Bavaria 55,000
39%
Limerick Ireland 55,000
36%
Rouen France 100,265
36%
Utrecht Netherlands 45,000
36%
Vilna Russia 66,000
36%
Bremen City-State (German Confederation) 53,000
34%
Granada Spain 70,000
34%
Königsberg Prussia 70,000
34%
Messina Kingdom of the Two Sicilies 84,000
34%
Plymouth England 102,000
34%
Portsmouth England 73,000
34%
Verona Lombardy-Venetia (Austria) 48,000
34%
Adrianople Ottoman Empire 100,000
32%
Breslau Prussia 104,000
32%
Kazan Russia 57,000
32%
Odessa Russia 78,000
32%
Lemberg Austria 75,000
30%
Padua Lombardy-Venetia (Austria) 60,000
30%
Salonica Ottoman Empire 75,000
30%
Trieste Austria 71,000
30%
Posen Prussia 43,000
27%
Cádiz Spain 54,000
18%
Stettin Prussia 48,000
18%
Magdeburg Prussia 57,000
16%
Livorno Grand Duchy of Tuscany 80,000
14%
Bath England 58,000
11%
Debrecen Austria 63,000
11%
Paisley Scotland 48,000
7%
No matching quizzes found
Score Distribution
Percent of People with Each Score
Percentile by Number Answered
Your Score History
You have not taken this quiz